<?xml version="1.0" encoding="UTF-8"?>
<collection xmlns="http://www.loc.gov/MARC21/slim">
 <record>
  <leader>00827cam a2200217 7i4500</leader>
  <controlfield tag="001">0000093664</controlfield>
  <controlfield tag="005">20110914090000.0</controlfield>
  <controlfield tag="008">110914s2010    nyu                 eng   </controlfield>
  <datafield tag="020" ind1="#" ind2="0">
   <subfield code="a">9781845119713 </subfield>
  </datafield>
  <datafield tag="090" ind1="0" ind2="0">
   <subfield code="a">HV 640.5 .P36 </subfield>
   <subfield code="b">R6 2010</subfield>
  </datafield>
  <datafield tag="100" ind1="1" ind2="#">
   <subfield code="a">Roberts, Rebecca </subfield>
  </datafield>
  <datafield tag="245" ind1="1" ind2="0">
   <subfield code="a">Palestinians in Lebanon : </subfield>
   <subfield code="b">refugees living with long-term displacement  </subfield>
   <subfield code="c">Rebecca Roberts.</subfield>
  </datafield>
  <datafield tag="260" ind1="#" ind2="#">
   <subfield code="a">New York: </subfield>
   <subfield code="b">I. B. Tauris &amp; Co., </subfield>
   <subfield code="c">2010.</subfield>
  </datafield>
  <datafield tag="300" ind1="#" ind2="#">
   <subfield code="a">xii, 241 p.: </subfield>
   <subfield code="b">ill., maps; </subfield>
   <subfield code="c">24 cm..</subfield>
  </datafield>
  <datafield tag="490" ind1="0" ind2="0">
   <subfield code="a">International library of post-war reconstruction &amp; development</subfield>
  </datafield>
  <datafield tag="504" ind1="0" ind2="0">
   <subfield code="a">Includes bibliographical references and index</subfield>
  </datafield>
  <datafield tag="590" ind1="#" ind2="#">
   <subfield code="a">PSNZ</subfield>
  </datafield>
  <datafield tag="650" ind1="0" ind2="0">
   <subfield code="a">Refugees, Palestinian Arab -- </subfield>
   <subfield code="z">Lebanon </subfield>
  </datafield>
  <datafield tag="650" ind1="0" ind2="0">
   <subfield code="a">Palestinian Arabs -- </subfield>
   <subfield code="z">Lebanon </subfield>
  </datafield>
  <datafield tag="650" ind1="0" ind2="0">
   <subfield code="a">Refugee camps -- </subfield>
   <subfield code="z">Lebanon </subfield>
  </datafield>
  <datafield tag="999" ind1=" " ind2=" ">
   <subfield code="a">1100082694</subfield>
   <subfield code="b">Book</subfield>
   <subfield code="c">Open Shelf</subfield>
   <subfield code="e">KOLEKSI TERBUKA</subfield>
  </datafield>
 </record>
</collection>
